[Event "IECC KO email"]
[Site "IECC email"]
[Date "2002.10.31"]
[Round "?"]
[White "Alonso Garcia, Juan Luis"]
[Black "Ondo, Bob"]
[Result "0-1"]
[WhiteElo "1503"]
[BlackElo "1707"]
[PlyCount "28"]
[EventDate "2002.??.??"]
[EventType "tourn (corr)"]
[EventRounds "6"]
[SourceTitle "Corr 2008"]
[Source "ChessBase"]
[SourceDate "2008.06.24"]
[SourceVersion "1"]
[SourceVersionDate "2008.06.24"]
[SourceQuality "1"]

1. d4 Nf6 2. c4 g6 3. Nc3 Bg7 4. e4 d6 5. Bg5 h6 6. Be3 Ng4 7. Bc1 e5 8. d5 f5 9. Be2 Nf6 10. exf5 Bxf5 11. Nf3 Nbd7 12. 0-0 Qe7 13. Re1 0-0-0 14. Be3 a6 0-1

[Event "IECC TH-M email"]
[Site "IECC email"]
[Date "2002.04.23"]
[Round "?"]
[White "Alonso Garcia, Juan Luis"]
[Black "Soule, Larry P"]
[Result "0-1"]
[WhiteElo "1551"]
[BlackElo "1169"]
[PlyCount "128"]
[EventDate "2002.??.??"]
[EventType "match (corr)"]
[EventRounds "2"]
[SourceTitle "Corr 2008"]
[Source "ChessBase"]
[SourceDate "2008.06.24"]
[SourceVersion "1"]
[SourceVersionDate "2008.06.24"]
[SourceQuality "1"]

1. e4 c5 2. Nf3 Nc6 3. d4 cxd4 4. Nxd4 Nf6 5. Nc3 d6 6. Bg5 e6 7. Qd2 a6 8. 0-0-0 Bd7 9. f4 b5 10. Bxf6 gxf6 11. Nxc6 Bxc6 12. Qd4 Be7 13. Kb1 Qc7 14. f5 Qa7 15. fxe6 fxe6 16. g3 Qxd4 17. Rxd4 Rb8 18. Bd3 b4 19. Ne2 a5 20. Rc4 Kd7 21. Rxc6 Kxc6 22. Nd4+ Kd7 23. Bb5+ Rxb5 24. Nxb5 Rf8 25. Rf1 Kc6 26. Nd4+ Kd7 27. g4 h5 28. gxh5 Rh8 29. c3 Rxh5 30. cxb4 axb4 31. Nf3 e5 32. Rd1 Ke6 33. a4 bxa3 34. bxa3 f5 35. exf5+ Rxf5 36. Rd3 d5 37. a4 Rf4 38. a5 Ra4 39. h4 Rxa5 40. h5 Ra8 41. Re3 e4 42. Nd4+ Ke5 43. Nc6+ Kf4 44. Re2 Bf6 45. Rf2+ Kg5 46. Rd2 Ra1+ 47. Kc2 Ra2+ 48. Kc1 Rxd2 49. Kxd2 d4 50. h6 Kxh6 51. Nb4 Kg5 52. Nd5 Kf5 53. Nb4 Kf4 54. Ke2 Bg5 55. Nd5+ Kg3 56. Nb4 Bf4 57. Nd5 d3+ 58. Ke1 Kf3 59. Nc3 e3 60. Ne2 Bg3+ 61. Nxg3 Kxg3 62. Kf1 e2+ 63. Ke1 Kf3 64. Kd2 Kf2 0-1

[Event "IECC TH-M email"]
[Site "IECC email"]
[Date "2002.04.10"]
[Round "?"]
[White "Tosney, Paul"]
[Black "Alonso Garcia, Juan Luis"]
[Result "0-1"]
[WhiteElo "1276"]
[BlackElo "1532"]
[PlyCount "32"]
[EventDate "2002.??.??"]
[EventType "match (corr)"]
[EventRounds "2"]
[SourceTitle "Corr 2008"]
[Source "ChessBase"]
[SourceDate "2008.06.24"]
[SourceVersion "1"]
[SourceVersionDate "2008.06.24"]
[SourceQuality "1"]

1. d4 Nf6 2. Bg5 e6 3. e4 h6 4. Bxf6 Qxf6 5. Nf3 c5 6. e5 Qf4 7. c3 d5 8. Nbd2 cxd4 9. cxd4 Bb4 10. Qa4+ Nc6 11. Bb5 0-0 12. Bxc6 Qe4+ 13. Kd1 Bxd2 14. Kxd2 bxc6 15. Qxc6 Bb7 16. Qxb7 Rab8 0-1

[Event "IECC TH-M email"]
[Site "IECC email"]
[Date "2002.04.09"]
[Round "?"]
[White "Alonso Garcia, Juan Luis"]
[Black "Berkley, Stephen W"]
[Result "1/2-1/2"]
[WhiteElo "1517"]
[BlackElo "1709"]
[PlyCount "49"]
[EventDate "2002.??.??"]
[EventType "match (corr)"]
[EventRounds "2"]
[SourceTitle "Corr 2008"]
[Source "ChessBase"]
[SourceDate "2008.06.24"]
[SourceVersion "1"]
[SourceVersionDate "2008.06.24"]
[SourceQuality "1"]

1. d4 Nf6 2. c4 e5 3. dxe5 Ne4 4. Nf3 Bb4+ 5. Nbd2 Nc6 6. a3 Nxd2 7. Bxd2 Bxd2+ 8. Qxd2 Qe7 9. e3 Nxe5 10. Be2 0-0 11. Nxe5 Qxe5 12. Qd4 Qxd4 13. exd4 Re8 14. Kd2 d6 15. Rhe1 c6 16. Bd3 Be6 17. Re3 Kf8 18. Rae1 h6 19. b3 Bd7 20. Rxe8+ Rxe8 21. Rxe8+ Kxe8 22. b4 Be6 23. a4 b6 24. b5 c5 25. d5 1/2-1/2

[Event "IECG QN.2001.0.00206"]
[Site "IECG email"]
[Date "2001.12.15"]
[Round "?"]
[White "Venturas, Bob"]
[Black "Alonso Garcia, Juan Luis"]
[Result "0-1"]
[WhiteElo "493"]
[BlackElo "800"]
[PlyCount "64"]
[EventDate "2001.12.15"]
[EventType "tourn (corr)"]
[EventRounds "6"]
[SourceTitle "Corr 2008"]
[Source "ChessBase"]
[SourceDate "2008.06.24"]
[SourceVersion "1"]
[SourceVersionDate "2008.06.24"]
[SourceQuality "1"]

1. e4 c5 2. c4 e6 3. Nc3 Nc6 4. Nf3 Bd6 5. d4 cxd4 6. Nxd4 Bc5 7. Nxc6 bxc6 8. a3 Qf6 9. Be3 Bxe3 10. fxe3 Ne7 11. Qf3 Qxf3 12. gxf3 0-0 13. Bd3 d6 14. Rd1 d5 15. exd5 cxd5 16. c5 f5 17. f4 Bb7 18. Rg1 a6 19. Rc1 Nc6 20. Na4 Rad8 21. Nb6 e5 22. fxe5 Nxe5 23. Be2 f4 24. exf4 Rxf4 25. Rg5 Re8 26. Kd2 Rf2 27. Rg3 Nc4+ 28. Nxc4 Rexe2+ 29. Kd1 dxc4 30. Rxc4 Rxb2 31. Kc1 Bd5 32. Rcc3 Ba2 0-1